00589 2200193 4500001002100000005001500021035002000036245014700056100001500203250001000218300002000228006001800248008003900266260004600305082000700351084001300358600001000371990001400381INLIS00000000001005220260605090714 a0010-06260000151 aANALISIS KOMUNIKASI SEKRETARIAT DPRD DALAM MENDUKUNG KINERJA DEWAN PERWAKILAN RAKYAT DAERAH KABUPATEN LAMANDAU KALIMANTAN TENGAH /cSAID ANWAR0 aSAID ANWAR aCet 1 a97 hlm :bilus.a 260605 | | |  aPalangka Raya :bPerpustakaan UMPR,c2025 a81 a81 SAI a 4aTESIS a238121900